000 00641nam a22002297a 4500
001 86504
003 UA-OsUOA
005 20211016095122.0
007 ta
008 20120904b un ||||| |||| 00| 0 ukr d
040 _aUA-OsUOA
_brus
_cUA-OsUOA
_dUA-OsUOA
041 _arus
080 _a94(47+57)
090 _a94(47+57)
_bБ74
100 _aБогуцкая Л.
245 _aОчерки по истории вооруженных восстаний в революции 1905-1907 гг.
260 _aМ.
_bГосиздполлит
_c1956
300 _a215 с.
650 7 _a94 Історія
_2UDC
942 _cBK
_2udc
955 _a2
999 _c372557
_d372557